| 000 | 01387nam0a2200373 4500 | ||
|---|---|---|---|
| 001 | RU\NLR\bibl\1868806 | ||
| 005 | 20260409070732.0 | ||
| 010 |
_a978-5-222-18768-5 _95000 |
||
| 021 |
_aRU _b2012-4757 _9344 |
||
| 035 | _a(NLR Aleph) 001858662 | ||
| 090 |
_a2500973 _c2500973 |
||
| 100 | _a20120213d2012 |||y0rusy50 ca | ||
| 101 | 0 | _arus | |
| 102 | _aRU | ||
| 105 | _aa ||||||||| | ||
| 200 | 1 |
_aУчимся считать и рассказывать _eпрочитаем и расскажем, подумаем и ответим, изучаем форму _fТ. Сиварева |
|
| 210 |
_aРостов-на-Дону _cФеникс _d2012 |
||
| 215 |
_a12 с. _cцв. ил. _d29 |
||
| 225 | 1 | _aШкола развития | |
| 606 | 1 |
_aДошкольники _xРазвитие мышления _92089897 _3RU\NLR\auth\661265035 |
|
| 606 |
_aДошкольники _xРазвитие речи _9957151 _3RU\NLR\auth\66356888 |
||
| 606 | 1 |
_aДошкольники _xОзнакомление с арифметикой _92074728 _3RU\NLR\auth\661249739 |
|
| 686 | _aЧ411.38 | ||
| 686 | _aЧ491.7 | ||
| 686 | _aЧ491.31-1 | ||
| 686 | _aЧ411.382.11 | ||
| 686 | _aЧ411.383 | ||
| 700 | 1 |
_aСиварева _bТ. Л. _gТатьяна Л _4070 |
|
| 801 | 0 |
_aRU _bNLR _c20120213 _gRCR |
|
| 801 | 1 |
_aRU _bNLR _c20120213 |
|
| 942 | _cBOOK | ||
| 980 | _aNB | ||
| 980 | _aNBR | ||